Danse avec les Stars 2025 - Candidats - Statistiques

Statistiques générales
  • Ce quiz a été pris 123 fois
  • Le résultat moyen est 9 sur 12
Statistiques - réponses
Hint Danseur(-euse) Pro Réponse % Correct
1 Jordan Mouillerac Lenie
97%
2 Elsa Bois Florent Manaudou
93%
3 Ana Riera Adil Rami
87%
4 Inès Vandamme Jungeli
82%
5 Christophe Licata Mayane
78%
8 Nino Mosa Eve Gilles
72%
12 Calisson Goasdoué Nelson Monfort
71%
9 Candice Pascal Frank Leboeuf
58%
11 Nicolas Archambault Sophie Davant
58%
7 Katrina Patchett Claude Dartois
57%
10 Yann-Alrick Mortreuil Charlotte de Turckheim
50%
6 Adrien Caby Julie Zenatti
50%
Aucun quiz correspondant
Distribution des résultats
% des personnes avec chaque résultat
Percentile par nombre de réponses
Votre historique - résultats
Vous n’avez pas pris ce quiz